| 000 | 00541nam a22001577a 4500 | ||
|---|---|---|---|
| 005 | 20120516110457.0 | ||
| 020 | _c00.00 | ||
| 035 | _aB-216616 | ||
| 037 |
_aDPL _bENG |
||
| 100 |
_aKhan, J.A. _947166 |
||
| 245 |
_aResearch methodology / _cby J.A. Khan |
||
| 260 |
_aNew Delhi _bA P H Publishing Corporation _c2008 |
||
| 300 |
_axi, 319p. _c20 cms. |
||
| 942 |
_2ddc _cEN _h001.02 _mKHA |
||
| 999 |
_c66703 _d66703 |
||